Discursos completos.

Gardado en:
Detalles Bibliográficos
Autor Principal: Isócrates (autor)
Outros autores: Ranz Romanillos, A. (traducción del griego, notas), Aguilera, Emiliano M. (notas prologales)
Formato: Libro
Idioma:Lingua castelá
Publicado: Barcelona, España: Iberia, 1961.
Subjects:
Tags: Engadir etiqueta
Sen Etiquetas, Sexa o primeiro en etiquetar este rexistro!

MARC

LEADER 00000nam a2200000 a 4500
001 UCP8984
003 CL-VaPUC
005 20220822114342.0
008 000317e19610000SP |||||||||||||||||spa|d
999 |c 285837  |d 285835 
040 |c Pontificia Universidad Católica de Valparaíso 
082 0 4 |a 885 ISO 1961  |2 21 
100 |a Isócrates  |e autor  |9 489541 
245 1 0 |a Discursos completos. 
260 |a Barcelona, España:  |b Iberia,   |c 1961.  
300 |a 2 Volúmenes.  
500 |a c.3 Volumen I: Donación Familia Prof. Alejandro Guzmán Brito. c.3 Volumen II: Donación Familia Prof. Alejandro Guzmán Brito. 
505 |a v.I: Isócrates, maestro de oradores. v.II: Elogios y reprensiones. 
583 |a last modification  |c 20000317 00:00:00  |k Rodrigo Vera 
650 0 |a Oratoria griega  |9 265027 
650 0 |a Literatura griega clásica   |2 CL-VaPUC  |9 435497 
700 |a Ranz Romanillos, A.  |e traducción del griego  |e notas   |9 865592 
700 |a Aguilera, Emiliano M.   |e notas prologales  |9 865593 
942 |c BK  |2 ddc  |n 0 
945 |d 20000317 00:00:00  |a crobeson 
952 |0 0  |1 0  |4 0  |6 885_000000000000000_ISO_1961  |7 0  |8 A  |9 330638  |a BIBHIS  |b BIBHIS  |d 2019-11-20  |h v.1  |i 1396609  |o 885 ISO 1961  |p 1396609  |r 2025-01-20  |w 2019-11-20  |y BK  |k HIS 
952 |0 0  |1 0  |4 0  |6 885_000000000000000_ISO_1961  |7 0  |8 A  |9 330639  |a BIBHIS  |b BIBHIS  |d 2019-11-20  |h v.2  |i 1396617  |o 885 ISO 1961  |p 1396617  |r 2025-01-20  |w 2019-11-20  |y BK  |k HIS 
952 |0 0  |1 0  |4 0  |6 885_000000000000000_ISO_1961  |7 0  |8 A  |9 330640  |a BIBART  |b BIBART  |d 2019-11-20  |h v.1  |i 1381636  |o 885 ISO 1961  |p 1381636  |r 2025-03-13  |w 2019-11-20  |y BK  |k ART 
952 |0 0  |1 0  |4 0  |6 885_000000000000000_ISO_1961  |7 0  |8 A  |9 330641  |a BIBART  |b BIBART  |d 2019-11-20  |h v.2  |i 1381644  |o 885 ISO 1961  |p 1381644  |r 2025-03-13  |w 2019-11-20  |y BK  |k ART